Cells molecules and temperature: Conformational flexibility of macromolecules and ecological adaptation (Record no. 26546)

MARC details
000 -LEADER
fixed length control field 00565nam a2200169Ia 4500
082 ## - DEWEY DECIMAL CLASSIFICATION NUMBER
Classification number 581.5
Item number ECO
100 ## - MAIN ENTRY--AUTHOR NAME
Personal name ALEKSANDROV, Vladimir Lakovlevich
245 #0 - TITLE STATEMENT
Title Cells molecules and temperature: Conformational flexibility of macromolecules and ecological adaptation
260 ## - PUBLICATION, DISTRIBUTION, ETC. (IMPRINT)
Place of publication New York
Name of publisher Springer Verlag
Year of publication 1977
490 ## - SERIES STATEMENT
Series statement Ecological studies 21
505 ## - FORMATTED CONTENTS NOTE
Formatted contents note Tr from the Russian by V A Bernstam
650 ## - SUBJECT ADDED ENTRY--TOPICAL TERM
Topical Term Ecology
650 ## - SUBJECT ADDED ENTRY--TOPICAL TERM
Topical Term Protein thermostability
650 ## - SUBJECT ADDED ENTRY--TOPICAL TERM
Topical Term Thermoresistance cells
942 ## - ADDED ENTRY ELEMENTS (KOHA)
Koha item type Books
Holdings
Withdrawn status Lost status Damaged status Not for loan Home library Current library Date acquired Full call number Accession Number Koha item type
        RRII Library RRII Library 16/12/2021 581.5 ECO 07179 Books